000 00494nam a2200181Ia 4500
005 20250508161618.0
008 008 250505s9999 xx 000 0 eng d
037 _aTextual
040 _aFEDL
_beng
_cFEDL
041 _aeng
_2eng
084 _af, tol
_qFEDL
100 _aTolstory Alexel
_9771048
245 0 _aRussian tales for children
260 _aLondon, UK
_bRoutledge and Kegan Paul Ltd
_c1956
300 _aix,193p
942 _cTEXL
_hf, tol
999 _c1371117
_d1371117